Katalytická príprava cyklopentylmetyléteru

Gespeichert in:
Bibliographische Detailangaben
1. Verfasser: Madacki, Igor (Verfasst von)
Weitere Verfasser: Soták, Tomáš (Betreuung Doktorarbeit)
Format: Manuskript Buch
Sprache:Slowakisch
Veröffentlicht: 2019
Schlagworte:
Online-Zugang:http://is.stuba.sk/zp/portal_zp.pl?podrobnosti=135744
Tags: Tag hinzufügen
Keine Tags, Fügen Sie das erste Tag hinzu!

MARC

LEADER 00000ntm a22000003a 4500
001 stuzp74581
003 SK-STU
005 20190622211855.6
007 ta
008 150427s2015----xo-----f-mn---000-0-slo-d
040 |a STU  |b slo 
041 0 |a slo 
100 1 |a Madacki, Igor  |u 048130  |4 aut  |U FCHPT Ústav organickej chémie, katalýzy a petrochémie  |T FCHPT Oddelenie organickej technológie, katalýzy a ropy  |X 86728  |U C8130  |Y 123  |7 86728 
242 0 1 |a Catalytic Preparation of Cyclopentyl Methyl Ether  |y eng 
245 1 0 |a Katalytická príprava cyklopentylmetyléteru 
260 |c 2019 
650 4 |a cyklopentanol  |2 slo 
650 4 |a metanol  |2 slo 
650 4 |a ZSM-5  |2 slo 
650 4 |a cyklopentylmetyléter  |2 slo 
650 4 |a cyclopentyl methyl ether  |2 eng 
650 4 |a cyclopentanol  |2 eng 
650 4 |a methanol  |2 eng 
650 4 |a ZSM-5  |2 eng 
700 1 |a Soták, Tomáš  |u 048130  |k Z2  |4 ths  |U FCHPT Ústav organickej chémie, katalýzy a petrochémie  |T FCHPT Oddelenie organickej technológie, katalýzy a ropy  |X 21140  |U C8130  |Y 123  |7 A000021140 
856 4 |u http://is.stuba.sk/zp/portal_zp.pl?podrobnosti=135744